Statistiques concernant Les couples Harry Potter

Cliquez ici pour prendre le quiz!

Statistiques générales

  • Ce quiz a été pris 944 fois
  • Le résultat moyen est 12 sur 14

Statistiques - réponses

QuestionRéponse% Correct
Avec qui Harry Potter se marie-t-il ?Ginny Weasley
99%
Avec qui Hermione Granger se marie-t-elle ?Ron Weasley
99%
Où a lieu ce premier baiser ?Dans la salle sur demande
95%
Comment s'appelle les enfants de Harry et Ginny ?James Sirius, Albus Severus et Lily Luna Potter
95%
Comment s'appellent les enfants de Ron et Hermione ?Rose et Hugo
95%
Combien d'enfants ont Ron Weasley et Hermione Granger ?2
94%
Combien d'enfants Harry Potter et Ginny Weasley ont-ils ?3
93%
Avec qui se marie Fleur Delacour ?Bill Weasley
93%
En quelle année Harry Potter a-t-il eu son premier baiser ?En 5ème années
91%
Dans quels films a eu lieu ce baiser ?7.2
90%
Où a lieu le baiser entre Ron Weasley et Hermione Granger ?Dans la chambre des secrets
89%
À quel film remonte le premier baiser de Harry Potter et Ginny Weasley ?6
78%
Où s'est passé ce baiser ?Dans la salle sur demande
64%
Quelle est l'année la plus romantique à Poudlard ?La 6ème années
44%

Distribution des résultats

Percentile par nombre de réponses

% des personnes avec chaque résultat

Votre développement - résultats

Vous n’avez pas pris ce quiz